Guess the Official Language – Multiple Answers - Statistics

General Stats
  • This quiz has been taken 55 times
    39 since last reset
  • The average score is 19 of 20
Answer Stats
Language Country % Correct
Arabic Algeria | Bahrain | Chad | Comoros | Djibouti | Egypt | Iraq | Jordan | Kuwait | Lebanon | Libya | Mauritania | Morocco | Oman | Palestine | Qatar | Saudi Arabia | Somalia | Sudan | Syria | Tunisia | United Arab Emirates | Yemen
100%
Portuguese Angola | Brazil | Cape Verde | Guinea-Bissau | Mozambique | Portugal | São Tomé and Príncipe | East Timor
100%
Spanish Argentina | Bolivia | Chile | Colombia | Costa Rica | Cuba | Dominican Republic | Ecuador | El Salvador | Equatorial Guinea | Guatemala | Honduras | Mexico | Nicaragua | Panama | Paraguay | Peru | Spain | Uruguay | Venezuela
100%
German Austria | Belgium | Germany | Liechtenstein | Luxembourg | Switzerland
100%
Bengali Bangladesh | India
100%
Russian Belarus | Kazakhstan | Kyrgyzstan | Russia
100%
French Belgium | Benin | Burkina Faso | Burundi | Cameroon | Canada | Central African Republic | Chad | Comoros | Congo (Republic of the Congo) | Democratic Republic of the Congo | Djibouti | Equatorial Guinea | France | Gabon | Haiti | Ivory Coast (Côte d'Ivoire) | Luxembourg | Madagascar | Mali | Monaco | Niger | Rwanda | Senegal | Seychelles | Switzerland | Togo | Vanuatu
100%
Chinese (Mandarin) China | Taiwan | Singapore
100%
English Antigua and Barbuda | Australia | Bahamas | Barbados | Belize | Botswana | Canada | Dominica | Fiji | Ghana | Grenada | Guyana | India | Ireland | Jamaica | Kenya | Lesotho | Liberia | Malta | Mauritius | Namibia | New Zealand | Nigeria | Pakistan | Philippines | Saint Kitts and Nevis | Saint Lucia | Saint Vincent and the Grenadines | Seychelles | Sierra Leone | Singapore | South Africa | Tanzania | Trinidad and Tobago | Uganda | United Kingdom | United States | Vanuatu | Zambia | Zimbabwe
100%
Hindi India | Fiji
100%
Greek Cyprus | Greece
97%
Italian Italy | San Marino | Switzerland | Vatican City
97%
Japanese Japan
97%
Korean North Korea | South Korea
97%
Turkish Turkey | Cyprus
97%
Dutch Belgium | Netherlands | Suriname
94%
Vietnamese Vietnam
94%
Malay Malaysia | Singapore | Brunei
86%
Swahili Tanzania | Kenya | Uganda | Rwanda | Burundi
77%
Quechua Argentina | Bolivia | Chile | Colombia | Ecuador | Peru
74%
No matching quizzes found
Score Distribution
Percent of People with Each Score
Percentile by Number Answered
Your Score History
You have not taken this quiz since the last reset